| 000 | 01021nam a2200265Ia 4500 | ||
|---|---|---|---|
| 003 | OSt | ||
| 005 | 20221005111812.0 | ||
| 006 | a|||||r|||| 00| 0 | ||
| 007 | ta | ||
| 008 | 221004b |||||||| |||| 00| 0 hin d | ||
| 020 | _c500 | ||
| 024 | _a108462 | ||
| 037 |
_b100, 23/03/2011, Motilal Banarsidass Publishers Pvt. Ltd. _cTextual |
||
| 040 |
_aCRL _cCRL _bhin |
||
| 041 |
_2hin _ahin |
||
| 082 | _aV2:(P15,10A3:28).C, 152Q0 | ||
| 100 | _aपाण्डेय, रामाशीष | ||
| 245 | 0 | _aयास्ककालीन भारतवर्ष | |
| 246 | _aYāskakālīn bhāratavarṣha | ||
| 260 |
_aरॉंची _bप्रबोध संस्कृत प्रकाशन भारत _c2010 |
||
| 300 |
_a308पृ0 _ccm. |
||
| 650 | _aविश्व-इतिहास | ||
| 942 |
_hV2:(P15,10A3:28).C, 152Q0 _cTEXL _2cc |
||
| 999 |
_c1022956 _d1022956 |
||